Nociones de gramática española

Guardado en:
Bibliografiske detaljer
Hovedforfatter: Gili Gaya, Samuel
Format: Bog
Sprog:Undetermined
Udgivet: Barcelona, España Ediciones Spes 1952
Fag:
Tags: Tilføj Tag
Ingen Tags, Vær først til at tagge denne postø!

MARC

LEADER 00000nam a2200000Ia 4500
008 170316s9999 xx 000 0 und d
090 |a 415-E G-5n 
100 |a Gili Gaya, Samuel 
245 |a Nociones de gramática española 
260 |a Barcelona, España 
260 |b Ediciones Spes 
260 |c 1952 
300 |a 102 páginas 
650 |a GRAMÁTICA ESPAÑOLA 
650 |a GRAMÁTICA HISTÓRICA 
999 |c 18972  |d 18972 
040 |a cru BVZT 
942 |c 15 D  |h 415-E G-5n  |2 z